| 000 | 00704cam a2200193 4500 | ||
|---|---|---|---|
| 001 | WS117826 | ||
| 008 | 020503n 000 0 eng u | ||
| 035 | _a(Sirsi) u117826 | ||
| 110 |
_aBuilding Societies Association _91731 |
||
| 245 | _aBuilding Societies Association | ||
| 520 | _aWebsite for this trade association for the UK's building societies. Includes a directory of members, a page of FAQs and statistics. | ||
| 650 | _aORGANISATION | ||
| 650 | _aBUILDING SOCIETIES | ||
| 650 | _aSTATISTICS | ||
| 650 | _aMORTGAGES | ||
| 690 | _aMANAGEMENT-BUSINESS MANAGEMENT-FINANCIAL MANAGEMENT | ||
| 856 | 4 | 0 |
_uhttps://www.bsa.org.uk _zView this website free of charge at www.bsa.org.uk... |
| 942 | _n0 | ||
| 999 |
_c120028 _d120028 |
||